Statistics for Batman Returns Characters Quiz

Click here to take the quiz!

General Stats

  • This quiz has been taken 48 times
  • The average score is 5 of 8

Answer Stats

Actor/ActressDescriptionCharacter% Correct
Michael KeatonA rich man who is a black superhero at nightBruce Wayne / Batman
100%
Michelle PfeifferA woman who was pushed out a window, but survived with eight remaining livesSelina Kyle / Catwoman
100%
Danny DeVitoA short man who was abandoned by his parents at a young age and was raised by penguinsOswald Cobblepot / The Penguin
95%
Michael GoughBruce Wayne's butlerAlfred Pennyworth
91%
Pat HingleThe police commissioner of GothamCommissioner Gordon
81%
Christopher WalkenThe man who pushed the woman out the windowMax Shreck
53%
Diane SalingerThe mother of Oswald CobblepotEsther Cobblepot
9%
Paul ReubensThe father of Oswald CobblepotTucker Cobblepot
9%

Score Distribution

Percentile by Number Answered

Percent of People with Each Score

Your Score History

You have not taken this quiz